000 00367nam a22001457a 4500
008 210512b ||||| |||| 00| 0 eng d
020 _a0135561507
041 _aeng
080 _26th
_a339.138
082 _a339.138
100 _a60
101 _aMAR
245 _aMarketing Management Analysis, Planning, Implementation, and Control
_cKotler,P
942 _2udc
_cBK
999 _c57274
_d57274